000 00567nam a22002417a 4500
003 UA-OsUOA
001 20268
007 ta
008 20031020b un ||||| |||| 00| 0 ukr d
100 _aНикитин Андрей
090 _a902(470+571)
_bН62
942 _cBK
040 _aUA-OsUOA
_brus
_cUA-OsUOA
_dUA-OsUOA
245 _aГолубые дороги веков
300 _a191 с.
955 _a0
041 _arus
080 _a902(470+571)
260 _aМосква
_bМысль
_c1968
044 _aRU
650 7 _2UDC
999 _c306443
_d306443